The conservation and repair of ecclesiastical buildings. (Record no. 90831)
[ view plain ]
| 000 -LEADER | |
|---|---|
| fixed length control field | 02223cam a2200637 4500 |
| 008 - FIXED-LENGTH DATA ELEMENTS--GENERAL INFORMATION | |
| fixed length control field | 090401t1994 xxu||||| |||| 00| 0 eng d |
| 020 ## - INTERNATIONAL STANDARD BOOK NUMBER | |
| International Standard Book Number | 0952008033 |
| 035 ## - SYSTEM CONTROL NUMBER | |
| System control number | (Sirsi) u39683 |
| 041 ## - LANGUAGE CODE | |
| Language code of text/sound track or separate title | eng |
| 050 ## - LIBRARY OF CONGRESS CALL NUMBER | |
| Classification number | 690.241 |
| -- | 18 |
| 245 #4 - TITLE STATEMENT | |
| Title | The conservation and repair of ecclesiastical buildings. |
| 260 ## - PUBLICATION, DISTRIBUTION, ETC. | |
| Place of publication, distribution, etc. | London |
| Name of publisher, distributor, etc. | Cathedral Communications Limited |
| Date of publication, distribution, etc. | 1994 |
| 300 ## - PHYSICAL DESCRIPTION | |
| Extent | 44p. |
| Other physical details | ill. |
| Dimensions | 30cm. |
| 350 ## - PRICE (NR) (BK AM CF MU VM SE) [OBSOLETE] | |
| Price | 5.95 |
| 490 ## - SERIES STATEMENT | |
| Series statement | Building Conservation Directory Special Report |
| Volume/sequential designation | 1 |
| 505 ## - FORMATTED CONTENTS NOTE | |
| Formatted contents note | Why care? |
| 505 ## - FORMATTED CONTENTS NOTE | |
| Formatted contents note | St Christopher's Chapel, Great Ormond Street Hospital for Sick Children |
| 505 ## - FORMATTED CONTENTS NOTE | |
| Formatted contents note | Ecclesiastical buildings and the law |
| 505 ## - FORMATTED CONTENTS NOTE | |
| Formatted contents note | Ecclesiastical legislation in Scotland |
| 505 ## - FORMATTED CONTENTS NOTE | |
| Formatted contents note | Thermal revelations |
| 505 ## - FORMATTED CONTENTS NOTE | |
| Formatted contents note | Quinquennial reports |
| 505 ## - FORMATTED CONTENTS NOTE | |
| Formatted contents note | The cleaning and repair of architectural carving at the Brompton Oratory |
| 505 ## - FORMATTED CONTENTS NOTE | |
| Formatted contents note | The conservation of 19th and early 20th century stained glass |
| 505 ## - FORMATTED CONTENTS NOTE | |
| Formatted contents note | The British Society of Master Glass Painters : accreditation scheme update |
| 505 ## - FORMATTED CONTENTS NOTE | |
| Formatted contents note | Archaeological investigations |
| 505 ## - FORMATTED CONTENTS NOTE | |
| Formatted contents note | Interior conservation and repair : an holistic approach |
| 505 ## - FORMATTED CONTENTS NOTE | |
| Formatted contents note | Avoiding a disaster |
| 505 ## - FORMATTED CONTENTS NOTE | |
| Formatted contents note | The challenge of St Mary's Church |
| 505 ## - FORMATTED CONTENTS NOTE | |
| Formatted contents note | Church heating |
| 505 ## - FORMATTED CONTENTS NOTE | |
| Formatted contents note | Principles of repair |
| 520 ## - SUMMARY, ETC. | |
| Summary, etc. | An annual looking at issues surrounding the conservation and repair of churches which includes a directory of useful orgnaisations, products and services. |
| 650 ## - SUBJECT ADDED ENTRY--TOPICAL TERM | |
| Topical term or geographic name entry element | BUILDING CONSERVATION DIRECTORY |
| 650 ## - SUBJECT ADDED ENTRY--TOPICAL TERM | |
| Topical term or geographic name entry element | CHURCHES |
| 650 ## - SUBJECT ADDED ENTRY--TOPICAL TERM | |
| Topical term or geographic name entry element | ECCLESIASTICAL BUILDINGS |
| 650 ## - SUBJECT ADDED ENTRY--TOPICAL TERM | |
| Topical term or geographic name entry element | RESTORATION |
| 650 ## - SUBJECT ADDED ENTRY--TOPICAL TERM | |
| Topical term or geographic name entry element | STAINED GLASS |
| 690 ## - LOCAL SUBJECT ADDED ENTRY--TOPICAL TERM (OCLC, RLIN) | |
| Topical term or geographic name as entry element | CONSERVATION |
| 700 ## - ADDED ENTRY--PERSONAL NAME | |
| Personal name | Taylor, Jonathan |
| International Standard Serial Number | Editor |
| 700 ## - ADDED ENTRY--PERSONAL NAME | |
| Personal name | Cocke, Thomas |
| 700 ## - ADDED ENTRY--PERSONAL NAME | |
| Personal name | Howell, Kevin |
| 700 ## - ADDED ENTRY--PERSONAL NAME | |
| Personal name | Saunders, Matthew |
| 700 ## - ADDED ENTRY--PERSONAL NAME | |
| Personal name | Sanders, John |
| 700 ## - ADDED ENTRY--PERSONAL NAME | |
| Personal name | Kooiman, Govert |
| 700 ## - ADDED ENTRY--PERSONAL NAME | |
| Personal name | Jongh, Ingeborg de |
| 700 ## - ADDED ENTRY--PERSONAL NAME | |
| Personal name | Quarme, Giles |
| 700 ## - ADDED ENTRY--PERSONAL NAME | |
| Personal name | Taylor, Russell |
| 700 ## - ADDED ENTRY--PERSONAL NAME | |
| Personal name | Lawrence, David |
| 700 ## - ADDED ENTRY--PERSONAL NAME | |
| Personal name | Pyrah, Carol |
| 700 ## - ADDED ENTRY--PERSONAL NAME | |
| Personal name | Hirst, Elizabeth |
| 700 ## - ADDED ENTRY--PERSONAL NAME | |
| Personal name | Leet, Lyndall |
| 700 ## - ADDED ENTRY--PERSONAL NAME | |
| Personal name | Ward, Pamela |
| 700 ## - ADDED ENTRY--PERSONAL NAME | |
| Personal name | Wright, Robin |
| 700 ## - ADDED ENTRY--PERSONAL NAME | |
| Personal name | Taylor, Jonathan |
| 942 ## - ADDED ENTRY ELEMENTS (KOHA) | |
| Suppress in OPAC | 0 |
| 948 ## - LOCAL PROCESSING INFORMATION (OCLC); SERIES PART DESIGNATOR (RLIN) | |
| c (OCLC) | 04/03/1997 |
| Withdrawn status | Lost status | Source of classification or shelving scheme | Damaged status | Not for loan | Home library | Current library | Shelving location | Date acquired | Cost, normal purchase price | Total Checkouts | Full call number | Barcode | Date last seen | Date last checked out | Copy number | Cost, replacement price | Price effective from | Koha item type |
|---|---|---|---|---|---|---|---|---|---|---|---|---|---|---|---|---|---|---|
| Dewey Decimal Classification | London | London | Folio | 29/07/1994 | 5.95 | 4 | F690.241 TAY | 30042226 | 06/08/2019 | 04/12/2006 | 1 | 5.95 | 06/08/2019 | Book |